Normal view
MARC view
- SINFONICA [COMPACT DISC]
Entry Topical Term
001 - CONTROL NUMBER
- control field: 16800
003 - CONTROL NUMBER IDENTIFIER
- control field: IT-RoPau
005 - DATE AND TIME OF LATEST TRANSACTION
- control field: 20140315160540.0
008 - FIXED-LENGTH DATA ELEMENTS
- fixed length control field: 140315|| aca||aabn | a|a d
040 ## - CATALOGING SOURCE
- Original cataloging agency: IT-RoPau
- Transcribing agency: IT-RoPau
150 ## - HEADING--TOPICAL TERM
- Topical term or geographic name entry element: SINFONICA [COMPACT DISC]
- : Codice MATERIA SPICS: 9949
670 ## - SOURCE DATA FOUND
- Source citation: Work cat.: (IT-RoPau)103497: Brahms Johannes 1441, Ein Deutsches Requiem op.45